Countries with the strongest passports (2025) - Statistics

General Stats
  • This quiz has been taken 90 times
  • The average score is 29 of 45
Answer Stats
Answer % Correct
#9 United States
97%
#3 Germany
94%
#8 United Kingdom
92%
#3 France
86%
#3 Austria
85%
#3 Italy
85%
#2 Spain
85%
#4 Japan
83%
#3 Norway
83%
#3 Ireland
82%
#4 Poland
82%
#3 Portugal
80%
#3 Sweden
80%
#8 Canada
79%
#3 Switzerland
79%
#3 Finland
77%
#3 Denmark
76%
#6 Australia
72%
#3 Netherlands
72%
#2 Singapore
72%
#3 Belgium
70%
#7 Iceland
68%
#3 Greece
65%
#3 Luxembourg
63%
#4 South Korea
62%
#4 Hungary
61%
#5 Czechia
59%
#5 New Zealand
56%
#4 Estonia
55%
#5 Romania
55%
#4 Croatia
54%
#6 Lithuania
54%
#4 Slovenia
54%
#1 United Arab Emirates
54%
#4 Slovakia
52%
#5 Latvia
51%
#6 Liechtenstein
51%
#11 Brazil
46%
#5 Bulgaria
46%
#10 Monaco
42%
#5 Malta
41%
#12 Argentina
39%
#3 Malaysia
34%
#12 Chile
30%
#7 Cyprus
24%
No matching quizzes found
Score Distribution
Percent of People with Each Score
Percentile by Number Answered
Your Score History
You have not taken this quiz